00920nam a2200217 a 450000100100000000500170001000800410002704000250006808200210009310000420011424501160015625000160027226000400028830000270032849000350035583000430039004900090043395201190044295201240056199900170068500002861520200930055035.0110411s1995 dr a 000 j spa d aDO-SdBNPbspacBNPHU axxxbC679s, 19951 aCoiscou Weber, Rodolfo,d1924-92255210aSe están comiendo a Margarita y otros canibalismos :bvivencias, cuentos, poesías /cRodolfo Coiscou Weber. a2a ed. aum. aSanto Domingo :bCasa Weber,c1995. a44 p. :bil. ;c21 cm.1 aAntología de nuestra vozv23 0aAntología de nuestra voz;n23955571 aBNPD 0010718PDaPDbPDcCTd2011-04-11iLF1l0oxxx C679s, 1995p28615-10r2020-06-25w2020-06-25yLFPDZNo se presta 0010718PDaPDbPDcCTd2011-04-11iLF1l0oxxx C679s, 1995p28615-20r2020-06-25te.2w2020-06-25yLFPDZNo se presta c28107d28107